000 00927nam a2200253Ia 4500
003 OSt
005 20220923224724.0
006 a|||||r|||| 00| 0
007 ta
008 220922b |||||||| |||| 00| 0 hin d
024 _a249,048
037 _cTextual
040 _aARTS
_cARTS
_bhin
041 _2hin
_ahin
082 _aO152,6N04x, M5
100 _aनरेश कुमार
245 0 _aडॉ वासुदेवशरण अग्रवाल
_b व्यक्तित्व एवं कृतित्व
246 _aḌaॉ. Vāsudevasharaṇ agravāla: vyaktitva evan kṛutitva
260 _aगाजियाबाद
_b इण्डो - विजन प्रा0 लि0
_c1985
300 _a325पृ.
_ccm.
650 _aहिन्दी साहित्य
_9156264
942 _hO152,6N04x, M5
_cTEXL
_2CC
999 _c373178
_d373178